Statistics for Every The Notorious B.I.G. Song on the Billboard Hot 100

Click here to take the quiz!

General Stats

  • This quiz has been taken 72 times
    (64 since last reset)
  • The average score is 5 of 16

Answer Stats

#YearSong% Correct
271994Juicy/Unbelievable
86%
11997Hypnotize
85%
61995Big Poppa/Warning
81%
11997Mo Money Mo Problems ft. Diddy & Mase
44%
442006Nasty Girl ft. Diddy, Nelly, Jagged Edge & Avery Storm
27%
21995One More Chance/Stay With Me
27%
191998Victory (Diddy) ft. Busta Rhymes
20%
171996Get Money (Junior M.A.F.I.A.)
15%
821999Notorious B.I.G. ft. Diddy & Lil' Kim
15%
261998Going Back To Cali
14%
811997Runnin' (2Pac, Radio, Dramacydal & Stretch)
10%
192003Runnin (Dying To Live) (2Pac)
10%
131995Can't You See (Total)
8%
131996Only You (112)
8%
21998Been Around The World (Diddy) ft. Mase
5%
771997Stop The Gunfight (Trapp) ft. 2Pac
3%

Score Distribution

Percentile by Number Answered

Percent of People with Each Score

Your Score History

You have not taken this quiz since the last reset